000
00312nam a22001457a 4500
003
SGT
082
_a
343.80954,GUP
100
_a
GUPTA,S.N
245
_a
LAW RELATING TO GUARANTEES...
250
_a
7TH
260
_a
NEW DELHI
_b
UNIVERSAL BOOKS
_c
2014
300
_a
992
650
_a
BANKING LAW
942
_2
ddc
_c
BK
999
_c
9725
_d
9725